000 00526nam a2200169 i 4500
001 24454
003 ES-MaACL
005 20230906153042.0
007 t|
008 021217s1968 ag ||||1| spa d
100 1 _aRoig Andrés, Arturo.
_999009
245 1 3 _aLa filosofía de las luces en la ciudad agrícola... /
_cArturo Andrés Roig.
260 _aMendoza :
_bUniversidad Nacional de Cuyo,
_c1968.
300 _a155 p. ;
_c20 cm.
710 2 _aUniversidad Nacional de Cuyo.
_97403
852 _aES-MaACL
_jC-35435
_bR.69228
999 _c24454
_d24454